Language Quiz

Random Language or German Quiz

Germanic Languages Quiz Stats

 Plays Quiz not verified by Sporcle

Support Sporcle.
Go Orange.
Score 0/15 Timer 04:00
0 Plays Today
% Correct
Dutch
98.5%
Danish
98.1%
English
97.2%
Norwegian
91.6%
Afrikaans
90.8%
Luxembourgish
89.5%
Icelandic
88.7%
Swedish
87.7%
% Correct
Frisian
87.7%
Faroese
85.1%
Gothic
78.6%
Old Frankish
77.5%
Limburgish
74.1%
Yiddish
71.5%
Scots
63.6%

You're not logged in!

Compare scores with friends on all Sporcle quizzes.
OR
Log In

From the Vault

Paint Africa!

by bhenderson79

Might need a wider brush and more paint if we're doing a whole continent.
Remove Ads.
Support Sporcle.
Get the best of Sporcle when you Go Orange. This ad-free experience offers more features, more stats, and more fun while also helping to support Sporcle. Thank you for becoming a member.

Show Comments

Extras

Top Quizzes Today


Score Distribution

Your Account Isn't Verified!

In order to create a playlist on Sporcle, you need to verify the email address you used during registration. Go to your Sporcle Settings to finish the process.

Report this User

Report this user for behavior that violates our Community Guidelines.

Details: